Monitoring and evaluation of social forestry in India : (Record no. 15704)
[ view plain ]
| 000 -LEADER | |
|---|---|
| fixed length control field | 00601nam a2200193Ia 4500 |
| 020 ## - INTERNATIONAL STANDARD BOOK NUMBER | |
| ISBN | 9251025096 |
| 040 ## - CATALOGING SOURCE | |
| Transcribing agency | DJB |
| 082 ## - DEWEY DECIMAL CLASSIFICATION NUMBER | |
| Classification number | 333 FOO 1986 A079 Or. |
| 100 1# - MAIN ENTRY--AUTHOR NAME | |
| Personal name | Slade, Roger, |
| 245 10 - TITLE STATEMENT | |
| Title | Monitoring and evaluation of social forestry in India : |
| Remainder of title | an operational guide / |
| 260 ## - PUBLICATION, DISTRIBUTION, ETC. (IMPRINT) | |
| Place of publication | Rome: |
| Name of publisher | Food and Agriculture Organization of the United Nations, |
| Year of publication | 1986 |
| 300 ## - PHYSICAL DESCRIPTION | |
| Number of Pages | xiii, 218 p. : |
| Other physical details | ill. ; |
| Dimensions | 29 cm |
| 490 1# - SERIES STATEMENT | |
| Series statement | FAO forestry paper |
| 650 #0 - SUBJECT ADDED ENTRY--TOPICAL TERM | |
| Topical Term | Social forestry programs |
| 650 #0 - SUBJECT ADDED ENTRY--TOPICAL TERM | |
| Topical Term | Forests and forestry |
| 700 10 - ADDED ENTRY--PERSONAL NAME | |
| Personal name | Campbell, J. Gabriel |
| 700 10 - ADDED ENTRY--PERSONAL NAME | |
| Personal name | Noronha, Raymond, |
| 942 ## - ADDED ENTRY ELEMENTS (KOHA) | |
| Koha item type | សៀវភៅភាសាអង់គ្លេស |
| 952 ## - LOCATION AND ITEM INFORMATION (KOHA) | |
| Withdrawn status [LOCAL, KOHA] | 0 |
| Permanent Location | Date acquired | Koha item type | Lost status | Shelving location | Barcode | Current Location | Full call number |
|---|---|---|---|---|---|---|---|
| Library Block A | 2017-12-06 | សៀវភៅភាសាអង់គ្លេស | A079 | A13018 | Library Block A | 333 FOO 1986 A079 Or. |